[Event "IECG RN.2007.0.00025 email"]
[Site "IECG email"]
[Date "2007.01.01"]
[Round "?"]
[White "Schoenbuchner, Gertraud"]
[Black "Santhosh, Matthew Paul"]
[Result "1-0"]
[WhiteElo "845"]
[BlackElo "2016"]
[PlyCount "77"]
[EventDate "2007.01.01"]
[EventType "tourn (corr)"]
[EventRounds "6"]
[SourceTitle "Corr 2008"]
[Source "ChessBase"]
[SourceDate "2008.06.24"]
[SourceVersion "1"]
[SourceVersionDate "2008.06.24"]
[SourceQuality "1"]

1. e4 e5 2. Nf3 Nc6 3. Bb5 a6 4. Ba4 Nf6 5. Nc3 b5 6. Bb3 Be7 7. d3 d6 8. Bg5 0-0 9. Qd2 Bd7 10. h4 Na5 11. Nd5 Nxb3 12. axb3 c6 13. Nxe7+ Qxe7 14. h5 Qe6 15. Nh4 d5 16. 0-0-0 a5 17. Nf5 a4 18. Nxg7 Kxg7 19. Bh6+ Kh8 20. Bxf8 Rxf8 21. bxa4 bxa4 22. Qb4 Ra8 23. f3 d4 24. Kd2 Qe8 25. g4 h6 26. Qd6 Kg7 27. Rdg1 Qb8 28. Qxb8 Rxb8 29. g5 hxg5 30. Rxg5+ Kh6 31. Rxe5 Rxb2 32. Ra1 Rb5 33. Re7 Be6 34. Rxa4 Rxh5 35. Rxd4 c5 36. Rd6 Kg6 37. f4 Kg7 38. Rdxe6 Kf8 39. Re5 1-0